Reinforced Concrete Design Handbook / (Record no. 3225)
[ view plain ]
| 000 -LEADER | |
|---|---|
| fixed length control field | 00690nac a22001571u 4500 |
| 008 - FIXED-LENGTH DATA ELEMENTS--GENERAL INFORMATION | |
| fixed length control field | 101007s2002 au|||||r|||| 000 0 eng d |
| 082 ## - DEWEY DECIMAL CLASSIFICATION NUMBER | |
| Classification number | 624.18341 |
| Item number | BEH |
| 100 ## - MAIN ENTRY--PERSONAL NAME | |
| Personal name | El Behairy ,Shaker. |
| 9 (RLIN) | 20174 |
| 245 ## - TITLE STATEMENT | |
| Title | Reinforced Concrete Design Handbook / |
| Remainder of title | By Shaker El Behairy. |
| 260 ## - PUBLICATION, DISTRIBUTION, ETC. (IMPRINT) | |
| Place of publication, distribution, etc | Cairo: |
| Name of publisher, distributor, etc | Faculty Of Engineering ,Ain Shams University, |
| Date of publication, distribution, etc | c2002. |
| 300 ## - PHYSICAL DESCRIPTION | |
| Extent | 460 p. : |
| Other physical details | ill. ; |
| Dimensions | 22cm. |
| 650 ## - SUBJECT ADDED ENTRY--TOPICAL TERM | |
| Topical term or geographic name as entry element | Reinforced concrete construction. |
| 9 (RLIN) | 20175 |
| 700 ## - ADDED ENTRY--PERSONAL NAME | |
| Personal name | El Behairy ,Shaker. |
| 9 (RLIN) | 20176 |
| 942 ## - ADDED ENTRY ELEMENTS (KOHA) | |
| Item type | Book - Borrowing |
| Call number prefix | 624.18341BEH |
| Source of classification or shelving scheme | Dewey Decimal Classification |
| Withdrawn status | Item status | Source of classification or shelving scheme | Damaged status | Not for loan | Vendor | Home library | Current library | Shelving location | Date acquired | Source of acquisition | Total Checkouts | Total Renewals | Full call number | Barcode | Date last seen | Date last borrowed | Koha item type |
|---|---|---|---|---|---|---|---|---|---|---|---|---|---|---|---|---|---|
| Dewey Decimal Classification | Central Library | Central Library | First floor | 07/10/2010 | 4 | 39 | 624.18341 BEH | 000030427 | 15/07/2025 | 26/10/2024 | Book - Borrowing |